| 000 | 00648nam a2200181Ia 4500 | ||
|---|---|---|---|
| 003 | GCL | ||
| 008 | 140319s9999 xx 000 0 eng d | ||
| 040 |
_aGCL / _cGCL |
||
| 082 | 0 | 4 |
_aCC _b016.932 _bJ P |
| 100 | 1 | _aJANSSEN , JOSEF M.A. | |
| 245 | 1 | 0 |
_aANNUAL EGYPTOLOGICAL BIBLIOGRAPHY : BIBLIOGRAPHIE EGYPTOLOGIQUE ANNUELLE 1956 , 1957 , 1959 , 1960 , 1961 , 1962 , 1963 , 1964 , 1965 , 1966 , 1967 , 1968 , 1969 , 1970 , 1973 , 1974 , 1975, 1976 / _cJANSSEN , JOSEF M.A. |
| 260 |
_a[S.N] : _bE. J. BRILL |
||
| 650 | 0 | 4 | _aANCIENT EGYPT |
| 650 | 0 | 4 | _aEGYPTOLOGY |
| 650 | 0 | 4 | _aBIBLIOGRAPHIES |
| 650 | 0 | 4 | _aEGYPT - BIBLIOGRAPHIES |
| 942 |
_2ddc _cBK |
||
| 999 |
_c12193 _d12193 |
||